[Event "CZE-chT2E 1920"]
[Site "Czech Republic"]
[Date "2020.06.28"]
[Round "11.8"]
[White "Lezak, Petr"]
[Black "Smid, Jan Sr"]
[Result "1/2-1/2"]
[WhiteElo "1720"]
[BlackElo "1895"]
[PlyCount "71"]
[EventDate "2019.10.13"]
[EventType "team-tourn"]
[EventRounds "11"]
[EventCountry "CZE"]
[SourceTitle "EXT 2024"]
[Source "ChessBase"]
[SourceDate "2023.10.10"]
[SourceVersion "1"]
[SourceVersionDate "2023.10.10"]
[SourceQuality "1"]
[WhiteTeam "Adamov"]
[BlackTeam "Stare Mesto II"]
[WhiteTeamCountry "CZE"]
[BlackTeamCountry "CZE"]

1. e4 d5 2. exd5 Qxd5 3. Nc3 Qa5 4. Nf3 Bf5 5. d4 c6 6. Bc4 e6 7. 0-0 Nf6 8. Bf4 Bb4 9. Ne2 0-0 10. c3 Be7 11. Ne5 Nbd7 12. Ng3 Nxe5 13. Bxe5 Bg6 14. Qf3 Nd7 15. Rfe1 Nxe5 16. Rxe5 Qc7 17. Bd3 Rad8 18. Bxg6 hxg6 19. Re3 Rd5 20. Rae1 Qa5 21. a3 Qb6 22. R3e2 Rfd8 23. Ne4 a5 24. Qf4 Rf5 25. Qg3 a4 26. Rc2 Rb5 27. Nd2 Rg5 28. Qe3 Rgd5 29. Nc4 Qb3 30. Qe2 Qb5 31. Ne5 Qxe2 32. Rcxe2 c5 33. Nf3 Bf6 34. dxc5 Rxc5 35. Rd2 Rxd2 36. Nxd2 1/2-1/2

[Event "Tatry op"]
[Site "Tatranske Zruby"]
[Date "2012.09.25"]
[Round "4"]
[White "Lezak, Petr"]
[Black "Bednar, Petr"]
[Result "1/2-1/2"]
[WhiteElo "1710"]
[BlackElo "1840"]
[PlyCount "25"]
[EventDate "2012.09.23"]
[EventType "swiss"]
[EventRounds "9"]
[EventCountry "SVK"]
[SourceTitle "EXT 2023"]
[Source "ChessBase"]
[SourceDate "2022.10.05"]
[SourceVersion "1"]
[SourceVersionDate "2022.10.05"]
[SourceQuality "1"]

1. e4 g6 2. d4 Bg7 3. Nf3 d6 4. Bc4 Nf6 5. Nc3 c6 6. Bb3 0-0 7. 0-0 Bg4 8. h3 Bxf3 9. Qxf3 Nbd7 10. Bg5 Qa5 11. Bf4 e5 12. dxe5 dxe5 13. Be3 1/2-1/2